History Quiz

Random History or Letter Quiz

That's What 'B' Said Quiz Stats

 Plays Quiz Updated Oct 26, 2014

Challenge
Share
Tweet
Embed
Score 0/20 Timer 08:00
2 Plays Today
% Correct
That the man or woman who produces the cloth will starve in the process.
93.9%
Who won the next presidential election.
93.2%
And I'll shape him into anything.
91.5%
And only one bad one to lose it.
91.1%
To realize that with the machete you can create a genocide.
90.9%
What maternity is to a woman.
90%
They wanted us to mold ourselves to them, which we refused.
89%
To developing the entire range of means of information warfare.
87.2%
And I never finished off a bottle, so how could I be alcoholic?
85.9%
Is a menace to the community.
85.6%
% Correct
That the stupid are cocksure and the intelligent are full of doubt.
84.4%
Suddenly everything is going to be okay.
84%
That there is as much dignity in tilling a field as in writing a poem.
79.7%
My life had been wasted.
76%
That made them feel unnecessarily inadequate when there were no bears to kill.
75.9%
Has the shelf life of a banana.
71.1%
And that will cease to be a haven, the very petri dish of international terrorism.
69.6%
And it is under a sense of the most profound gratitude to the Supreme Ruler of the Universe.
62.5%
How incapable he is of going further. How can a part know the whole?
59.3%
From what is imagined by those who are not behind the scenes.
53.2%

You're not logged in!

Compare scores with friends on all Sporcle quizzes.
Join for Free
OR
Log In

You Might Also Like...

Show Comments

Extras

Top Quizzes Today


Score Distribution

Your Account Isn't Verified!

In order to create a playlist on Sporcle, you need to verify the email address you used during registration. Go to your Sporcle Settings to finish the process.

Report this User

Report this user for behavior that violates our Community Guidelines.

Details: